<?xml version="1.0" encoding="UTF-8"?>
<record
    xmlns:xsi="http://www.w3.org/2001/XMLSchema-instance"
    xsi:schemaLocation="http://www.loc.gov/MARC21/slim http://www.loc.gov/standards/marcxml/schema/MARC21slim.xsd"
    xmlns="http://www.loc.gov/MARC21/slim">

  <leader>04552nam a2200361 a 4500</leader>
  <controlfield tag="001">000047791</controlfield>
  <controlfield tag="003">DO-SdBPM</controlfield>
  <controlfield tag="005">20260212095600.0</controlfield>
  <controlfield tag="007">ta</controlfield>
  <controlfield tag="008">180810s2017    dr      r     000 0 spa d</controlfield>
  <datafield tag="020" ind1=" " ind2=" ">
    <subfield code="a">9789945168068</subfield>
  </datafield>
  <datafield tag="040" ind1=" " ind2=" ">
    <subfield code="a">DO-SdBPM</subfield>
    <subfield code="b">spa</subfield>
    <subfield code="c">BPMSU</subfield>
    <subfield code="d">rda</subfield>
  </datafield>
  <datafield tag="082" ind1=" " ind2="4">
    <subfield code="a">796.44</subfield>
    <subfield code="b">A321g, 2017</subfield>
    <subfield code="2">22</subfield>
  </datafield>
  <datafield tag="100" ind1="1" ind2=" ">
    <subfield code="a">Alarc&#xF3;n Af&#xF3;n, Sara</subfield>
    <subfield code="e">autor </subfield>
    <subfield code="4">aut.</subfield>
  </datafield>
  <datafield tag="245" ind1="1" ind2="0">
    <subfield code="a">Gimnasia educativa :</subfield>
    <subfield code="b">curr&#xED;culo y formaci&#xF3;n docente /</subfield>
    <subfield code="c">Sara Alarc&#xF3;n Af&#xF3;n.</subfield>
  </datafield>
  <datafield tag="250" ind1=" " ind2=" ">
    <subfield code="a">2a ed.</subfield>
  </datafield>
  <datafield tag="264" ind1=" " ind2=" ">
    <subfield code="a">Santo Domingo :</subfield>
    <subfield code="b">B&#xFA;ho,</subfield>
    <subfield code="c">2017.</subfield>
  </datafield>
  <datafield tag="300" ind1=" " ind2=" ">
    <subfield code="a">172 p&#xE1;ginas  ;</subfield>
    <subfield code="c">26 cm.</subfield>
  </datafield>
  <datafield tag="336" ind1=" " ind2=" ">
    <subfield code="a">texto</subfield>
    <subfield code="b">txt</subfield>
    <subfield code="2">rdacontent</subfield>
  </datafield>
  <datafield tag="337" ind1=" " ind2=" ">
    <subfield code="a">sin mediaci&#xF3;n</subfield>
    <subfield code="b">n</subfield>
    <subfield code="2">rdamedia</subfield>
  </datafield>
  <datafield tag="338" ind1=" " ind2=" ">
    <subfield code="a">volumen</subfield>
    <subfield code="b">nc</subfield>
    <subfield code="2">rdacarrier</subfield>
  </datafield>
  <datafield tag="500" ind1=" " ind2=" ">
    <subfield code="a">Incluye datos biogr&#xE1;ficos del autor en la solapa de la cubierta</subfield>
  </datafield>
  <datafield tag="504" ind1=" " ind2=" ">
    <subfield code="a">Bibliograf&#xED;a : p&#xE1;ginas 169-172</subfield>
  </datafield>
  <datafield tag="505" ind1="0" ind2=" ">
    <subfield code="a">Introducci&#xF3;n, 11.-- Cap&#xED;tulo 1. Teor&#xED;a de la gimnasia educativa, 17.-- Prop&#xF3;sitos de la educaci&#xF3;n f&#xED;sica escolar y universitaria, 19.-- Prop&#xF3;sitos de la gimnasia educativa escolar y universitaria, 20.-- Prop&#xF3;sitos de las asignaturas Gimnasia I, II y III de la formaci&#xF3;n docente en educaci&#xF3;n f&#xED;sica, 21.--Contenidos de la gimnasia educativa expresados en el curr&#xED;culo dominicano de EF, 21.-- Programa de las asignaturas Gimnasia I, II y II en la formaci&#xF3;n profesional en EFI, 44.-- Competencias te&#xF3;rico-pr&#xE1;cticas y t&#xE9;cnico-metodol&#xF3;gicas, 55.-- Cap&#xED;tulo II. Rese&#xF1;a hist&#xF3;rica de la gimnasia educativa, 65.-- Rese&#xF1;a hist&#xF3;rica de la actividad f&#xED;sica en la Edad Prehist&#xF3;rica, 65.-- Rese&#xF1;a hist&#xF3;rica de la actividad f&#xED;sica en la Edad Antigua, 66.-- Rese&#xF1;a hist&#xF3;rica de la actividad f&#xED;sica en la Edad Media, 70.-- Rese&#xF1;a hist&#xF3;rica de la gimnasia en la Edad Moderna, 71.-- Rese&#xF1;a hist&#xF3;rica de la gimnasia en la Edad Contempor&#xE1;nea, 72.-- Cap&#xED;tulo 3. Metodolog&#xED;a y did&#xE1;ctica de la gimnasia educativa, 85.-- Metodolog&#xED;a de la gimnasia educativa escolar, 86.-- Did&#xE1;ctica de la gimnasia educativa escolar, 92.-- Estrategias te&#xF3;rico-pr&#xE1;cticas y t&#xE9;cnico-metodol&#xF3;gicas para la Gimnasia I, II y III, 97.-- Cap&#xED;tulo 4. La clase de gimnasia educativa, 99.-- Cap&#xED;tulo 5. Acondicionamiento f&#xED;sico inicial, 105.-- Lubricaci&#xF3;n, 106.-- Trote de calentamiento, 107.-- Calentamiento general, 107.-- Calentamiento especial, 110.-- Cap&#xED;tulo 6. Psicomotricidad educativa, 111.-- Teor&#xED;a de la psicomotricidad educativa, 112.-- Contenidos de la psicomotricidad educativa y/o habilidades psicomotrices, 113.-- Cap&#xED;tulo 7. Expresi&#xF3;n corporal, 117.-- Teor&#xED;a de la expresi&#xF3;n corporal educativa, 119.-- Contenidos pr&#xE1;cticos de la expresi&#xF3;n corporal educativa, 120.-- Cap&#xED;tulo 8. Educaci&#xF3;n del movimiento, 123.-- Posiciones del cuerpo, 123.-- Habilidades motrices b&#xE1;sicas, 124.-- Capacidades f&#xED;sicas, 125.-- Pruebas de aptitud f&#xED;sica, 129.-- Cap&#xED;tulo 9. Gimnasia deportiva, 137.-- Gimnasia deportiva escolar, 137.-- Modalidades gimn&#xE1;stico-deportivas, 144.-- Cap&#xED;tulo 10. Actividades gimn&#xE1;sticas alternativas, 149.-- Gimnasiadas, 149.-- Bat&#xF3;n ballet, 150.-- Abanderadas, 150.--Rally de habilidades gimn&#xE1;sticas, 150.-- Salto de la cuerda, 151.-- Cap&#xED;tulo 11. Modalidades gimn&#xE1;sticas de salud, 153.-- Pilates, 153.--Yoga, 153.-- Musculaci&#xF3;n, 154.-- Aer&#xF3;bicos, 154.-- Zumba, 155.-- Cardio kickboxing, 156.-- Cap&#xED;tulo 12. Recursos did&#xE1;cticos para la formaci&#xF3;n docente, 157.-- Gimnasia I: actividades para consolidaci&#xF3;n de la lectura y la escritura, 157.-- Gimnasia II: actividades para la consolidaci&#xF3;n de la lectura y la escritura, 158.-- Gimnasia III: actividades para consolidaci&#xF3;n de la lectura y la escritura, 159.-- Gimnasia I: actividades para consolidaci&#xF3;n de la lectura y la escritura, y para s&#xED;ntesis de informaci&#xF3;n, 161.-- Gimnasia I, II y III: actividad de investigaci&#xF3;n mediante la observaci&#xF3;n, 162.-- Gimnasia I: actividad de controlar aprendizajes, 163.-- Gimnasia II: actividad de controlar aprendizajes, 164.-- Gimnasia III: Actividad de controlar aprendizajes, 165.-- Gimnasia I, II y III: actividad para producir ideas propias, 166.-- Gimnasia I, II y III: actividad para reflexionar y retroalimentar, 168.-- Gimnasia III: actividad para investigar en la Web, 168.-- Gimnasia III: actividad extraclase para continuar el aprendizaje, 168.-- Referencias, 169.</subfield>
  </datafield>
  <datafield tag="590" ind1=" " ind2=" ">
    <subfield code="a">Inventariado, 2026/VM</subfield>
  </datafield>
  <datafield tag="650" ind1="7" ind2=" ">
    <subfield code="a">Gimansia educativa.</subfield>
  </datafield>
  <datafield tag="650" ind1="7" ind2=" ">
    <subfield code="a">Educaci&#xF3;n f&#xED;sica. </subfield>
  </datafield>
  <datafield tag="650" ind1="7" ind2=" ">
    <subfield code="a">Gimnasia </subfield>
    <subfield code="v">Enze&#xF1;anza</subfield>
  </datafield>
  <datafield tag="650" ind1="7" ind2=" ">
    <subfield code="a"> Gimnasia para hombres.</subfield>
  </datafield>
  <datafield tag="650" ind1="7" ind2=" ">
    <subfield code="a">Gimansia para mujeres. </subfield>
  </datafield>
  <datafield tag="910" ind1=" " ind2=" ">
    <subfield code="a">VMateo V. Control de calidad. BPMSU</subfield>
  </datafield>
  <datafield tag="942" ind1=" " ind2=" ">
    <subfield code="2">ddc</subfield>
    <subfield code="c">BK</subfield>
  </datafield>
  <datafield tag="952" ind1=" " ind2=" ">
    <subfield code="0">0</subfield>
    <subfield code="1">0</subfield>
    <subfield code="2">ddc</subfield>
    <subfield code="7">0</subfield>
    <subfield code="8">CD</subfield>
    <subfield code="a">BPMET</subfield>
    <subfield code="b">BPMET</subfield>
    <subfield code="d">2026-02-12</subfield>
    <subfield code="l">0</subfield>
    <subfield code="o">BPMSU CD 796.44 A321g, 2019</subfield>
    <subfield code="p">BPMSU26020075</subfield>
    <subfield code="r">2026-02-12</subfield>
    <subfield code="w">2026-02-12</subfield>
    <subfield code="y">BK</subfield>
  </datafield>
  <datafield tag="952" ind1=" " ind2=" ">
    <subfield code="0">0</subfield>
    <subfield code="1">0</subfield>
    <subfield code="2">ddc</subfield>
    <subfield code="7">0</subfield>
    <subfield code="8">CD</subfield>
    <subfield code="a">BPMET</subfield>
    <subfield code="b">BPMET</subfield>
    <subfield code="d">2026-02-12</subfield>
    <subfield code="l">0</subfield>
    <subfield code="o">BPMSU CD 796.44 A321g, 2019</subfield>
    <subfield code="p">BPMSU26020076</subfield>
    <subfield code="r">2026-02-12</subfield>
    <subfield code="t">e.2</subfield>
    <subfield code="w">2026-02-12</subfield>
    <subfield code="y">BK</subfield>
  </datafield>
  <datafield tag="999" ind1=" " ind2=" ">
    <subfield code="c">15686</subfield>
    <subfield code="d">15686</subfield>
  </datafield>
</record>
